Catálogo
 En Linea

Cuentos escritos antes del exilio / (Registro nro. 15669)

Detalles MARC
000 -CABECERA
campo de control de longitud fija 01081nam a2200253 a 4500
001 - NÚMERO DE CONTROL
campo de control 000016129
003 - IDENTIFICADOR DEL NÚMERO DE CONTROL
campo de control DO-SdBNP
005 - FECHA Y HORA DE LA ÚLTIMA TRANSACCIÓN
campo de control 20260321073639.0
008 - DATOS DE LONGITUD FIJA--INFORMACIÓN GENERAL
campo de control de longitud fija 091204s 2007 dr 000 j spa d
020 ## - NÚMERO INTERNACIONAL ESTÁNDAR DEL LIBRO
Número Internacional Estándar del Libro 9993476080
040 ## - FUENTE DE LA CATALOGACIÓN
Centro catalogador/agencia de origen DO-SdBNP
Lengua de catalogación spa
Centro/agencia transcriptor BNPHU
082 #4 - NÚMERO DE LA CLASIFICACIÓN DECIMAL DEWEY
Número de clasificación BNPHU RD863.44
Número de documento/Ítem B742c, 2007
100 1# - ENTRADA PRINCIPAL--NOMBRE DE PERSONA
Nombre de persona Bosch, Juan,
Fechas asociadas al nombre 1909-2001
9 (RLIN) 76555
245 10 - MENCIÓN DE TÍTULO
Título Cuentos escritos antes del exilio /
Mención de responsabilidad, etc. Juan Bosch.
250 ## - MENCIÓN DE EDICIÓN
Mención de edición 19a. ed.
260 ## - PUBLICACIÓN, DISTRIBUCIÓN, ETC.
Lugar de publicación, distribución, etc. Santo Domingo :
Nombre del editor, distribuidor, etc. Alfa y Omega,
Fecha de publicación, distribución, etc. 2007.
300 ## - DESCRIPCIÓN FÍSICA
Extensión 284 p. ;
Dimensiones 20 cm.
505 0# - NOTA DE CONTENIDO CON FORMATO
Nota de contenido con formato La mujer --
Título Dos pesos de agua --
-- La verdad --
-- Piloncito --
-- El resguardo --
-- El cobarde --
-- Chucho --
-- La pulpería --
-- Revolución --
-- El abuelo --
-- Sombras --
-- El alzado --
-- La pájara --
-- El algarrobo --
-- Forzados --
-- El cuchillo --
-- Cundito --
-- Guaraguaos --
-- La sangre --
-- Lucero --
-- Lo mejor --
-- San Andrés --
-- La negación --
-- Camino real.
590 ## - NOTA LOCAL (RLIN)
Nota local Inventariado, 2020/MFF
650 10 - PUNTO DE ACCESO ADICIONAL DE MATERIA--TÉRMINO DE MATERIA
Término de materia o nombre geográfico como elemento de entrada Cuentos dominicanos
9 (RLIN) 176
650 10 - PUNTO DE ACCESO ADICIONAL DE MATERIA--TÉRMINO DE MATERIA
Término de materia o nombre geográfico como elemento de entrada Literatura dominicana.
9 (RLIN) 67
910 ## - DATOS DE OPCIÓN DEL USUARIO (OCLC)
Datos de opción del usuario Validado. Control de calidad MMOLINA
942 ## - ELEMENTOS DE PUNTO DE ACCESO ADICIONAL (KOHA)
Fuente del sistema de clasificación o colocación Dewey Decimal Classification
Tipo de ítem Koha Libro
Existencias
Estado de retiro Estado de pérdida Fuente del sistema de clasificación o colocación No para préstamo Código de colección Localización permanente Ubicación/localización actual Ubicación en estantería Fecha de adquisición Número de inventario Total de préstamos Signatura topográfica completa Código de barras Fecha visto por última vez Número de copia Precio válido a partir de Tipo de ítem Koha
    Dewey Decimal Classification Préstamo en sala Monografías: Libros y Folletos Biblioteca Nacional Pedro Henríquez Ureña Dominicana Depósito 02.11.2010 LF1   BNPHU DS RD863.44 B742c, 2007 16129-30 25.06.2020 e. 3 25.06.2020 Préstamo en sala
    Dewey Decimal Classification Préstamo en sala Monografías: Libros y Folletos Biblioteca Nacional Pedro Henríquez Ureña Dominicana Depósito 02.11.2010 LF1   BNPHU DS RD863.44 B742c, 2007 16129-40 25.06.2020 e. 4 25.06.2020 Préstamo en sala
    Dewey Decimal Classification Excluido de préstamo Monografías: Libros y Folletos Biblioteca Nacional Pedro Henríquez Ureña Dominicana Extraviado 24.10.2012 LF1   BNPHU DS RD863.44 B742c, 2007 16129-50 25.06.2020 e. 5 25.06.2020 Préstamo en sala
    Dewey Decimal Classification Excluido de préstamo Monografías: Libros y Folletos Biblioteca Nacional Pedro Henríquez Ureña Patrimonio Dominicano Extraviado 26.03.2010 LF1   BNPHU PD RD863.44 B742c, 2007 16129-10 25.06.2020   25.06.2020 No se presta
    Dewey Decimal Classification Excluido de préstamo Monografías: Libros y Folletos Biblioteca Nacional Pedro Henríquez Ureña Patrimonio Dominicano Depósito 02.11.2010 LF1   BNPHU PD RD863.44 B742c, 2007 16129-20 25.06.2020 e. 2 25.06.2020 No se presta

Con tecnología Koha